000 00711nac a22002417a 4500
001 BR6001054
003 BR-BrBNA
005 20240105112958.0
008 230509b bl.|||m| |||| 00| 0 por d
040 _aBR-BrBNA
_bpor
_cBiblioteca Nacional de Agricultura
072 _aL00; L10
090 _a6100 BR6001054
100 1 _aSantos, E.
245 1 _aAvicultura - fonte de riqueza
260 3 _aRio de Janeiro, GB (Brasil):
_bO Campo,
_c[nd].
300 _a328 p.
490 _aColecao Agricola do O Campo (Brazil)
_vno. 3
_x
500 _aPublished after 1940; 57 illus.
650 _aAVE DOMESTICA
650 _aAVICULTURA
909 _a202312
_bLúcia Elande
_c55
_dLúcia Elande
942 _2AGRIS
_n0
_cMS
999 _c261239
_d261239